Κατάλογος Βιβλιοθηκών Mediterranean College

Η Ψυχολογία των Αγορών / Παρεμβάσεις πριν και μετά την Πρόσφατη Χρηματοπιστωτική Κρίση (Record no. 3157)

MARC details
000 -LEADER
fixed length control field 01320cam a22001934a 4500
005 - ΗΜΕΡΟΜΗΝΙΑ ΚΑΙ ΩΡΑ ΤΕΛΕΥΤΑΙΑΣ ΕΝΗΜΕΡΩΣΗΣ
Πεδίο ελέγχου 20250605164106.0
008 - FIXED-LENGTH DATA ELEMENTS--GENERAL INFORMATION
Πεδίο ελέγχου σταθερού μήκους 250528s ||||||||||||||||||||||||d
035 ## - SYSTEM CONTROL NUMBER
System control number 17756
020 ## - ISBN
ISBN 9789605465049
040 ## - ΠΗΓΗ ΚΑΤΑΛΟΓΟΓΡΑΦΗΣΗΣ
Φορέας πρωτότυπης καταλογογράφησης MC Athens Campus Library
Γλώσσα καταλογογράφησης Ελληνικά, Μοντέρνα (1453-)
Modifying agency MC Athens Campus Library
Κανόνες περιγραφικής καταλογογράφησης AACR2
245 1# - ΤΙΤΛΟΣ ΚΑΙ ΔΗΛΩΣΗ ΥΠΕΥΘΥΝΟΤΗΤΑΣ
Τίτλος Η Ψυχολογία των Αγορών / Παρεμβάσεις πριν και μετά την Πρόσφατη Χρηματοπιστωτική Κρίση
260 ## - PUBLICATION, DISTRIBUTION, ETC.
Name of publisher, distributor, etc. Πεδίο,
Date of publication, distribution, etc. 2015
300 ## - PHYSICAL DESCRIPTION
Extent 374
520 ## - SUMMARY, ETC.
Summary, etc. Το παρόν βιβλίο καταγράφει με τον καλύτερο τρόπο την επίδραση της ψυχολογίας στις αγορές μέσα από συγκεκριμένες παρεμβάσεις και παραδείγματα από την Ελληνική και Διεθνή Πραγματικότητα. Πρόλογος, Ευχαριστίες, Εισαγωγή, Η Ψυχολογική Προσέγγιση των Αγορών, Παρεμβάσεις πριν την Κρίση, Παρεμβάσεις στη Διάρκεια της Κρίσης, Το Μέλλον της Ελλάδας και της Ευρώπης και του Πλανήτη, Βιβλιογραφία.
700 1# - ΠΡΟΣΘΕΤΗ ΑΝΑΓΡΑΦΗ--ΦΥΣΙΚΟ ΠΡΟΣΩΠΟ
Personal name Φίλιππας Νικόλαος Δ
9 (RLIN) 3961
942 ## - ADDED ENTRY ELEMENTS (KOHA)
Koha item type Books
Holdings
Τύπος τεκμηρίου Βιβλιοθήκη Τρέχουσα τοποθεσία Barcode Αριθμός εισαγωγής Ημερομηνία απόκτησης Ταξιθετικό σύμβολο Αριθμός αντιτύπου Κατάσταση απόσυρσης Κατάσταση χαμένου Κατάσταση κατεστραμμένου Μη δανεισμός Σύνολο δανεισμών Ημερομηνία τελευταίας εμφάνισης Η τιμή ισχύει από
Books MC Athens Campus Library MC Athens Campus Library 9780000031563 7121 05/06/2025 330.019 FIL 2           05/06/2025 05/06/2025

MC Athens Campus Library
Πατησίων 94 & Κοδριγκτώνος 13, 104 34
Πελλήνης 8 & Πατησίων 107, 112 51
Τ: +30 210 8899600

MC Thessaloniki Campus Library
Ίωνος Δραγούμη 21, 54625 | Ίωνος Δραγούμη 15, 54625
Τ: +30 2310 287779 – Τ: +30 2314 440300